Inside of a Dog : (Record no. 15545)

MARC details
000 -LEADER
fixed length control field 00983cam a2200277 a 4500
001 - CONTROL NUMBER
control field 15507357
005 - DATE AND TIME OF LATEST TRANSACTION
control field 20110407144923.0
008 - FIXED-LENGTH DATA ELEMENTS--GENERAL INFORMATION
fixed length control field 081031s2009 enk |rb 001 0 eng
010 ## - LIBRARY OF CONGRESS CONTROL NUMBER
LC control number 2008045842
020 ## - INTERNATIONAL STANDARD BOOK NUMBER
International Standard Book Number 184737347X
020 ## - INTERNATIONAL STANDARD BOOK NUMBER
International Standard Book Number 9781847373472
040 ## - CATALOGING SOURCE
Original cataloging agency DLC
Transcribing agency DLC
Modifying agency DLC
050 00 - LIBRARY OF CONGRESS CALL NUMBER
Classification number SF433
Item number .H73 2009
082 00 - DEWEY DECIMAL CLASSIFICATION NUMBER
Classification number 636.7
Edition number 22
Item number HOR
100 1# - MAIN ENTRY--PERSONAL NAME
Personal name Horowitz, Alexandra.
9 (RLIN) 24706
245 10 - TITLE STATEMENT
Title Inside of a Dog :
Remainder of title What Dogs See, Smell, and Know /
Statement of responsibility, etc Alexandra Horowitz.
260 ## - PUBLICATION, DISTRIBUTION, ETC. (IMPRINT)
Place of publication, distribution, etc London :
Name of publisher, distributor, etc Simon & Schuster , 2010
Date of publication, distribution, etc 2010.
300 ## - PHYSICAL DESCRIPTION
Extent x, 353 p. ;
Dimensions 24 cm.
504 ## - BIBLIOGRAPHY, ETC. NOTE
Bibliography, etc Includes bibliographical references (p. 303-332) and index.
650 #0 - SUBJECT ADDED ENTRY--TOPICAL TERM
Topical term or geographic name as entry element Dogs
General subdivision Psychology.
9 (RLIN) 24707
653 ## - INDEX TERM--UNCONTROLLED
Resource For college
--
Arrived date list June2011
942 ## - ADDED ENTRY ELEMENTS (KOHA)
Source of classification or shelving scheme Dewey Decimal Classification
Item type Book - Borrowing
Holdings
Withdrawn status Item status Source of classification or shelving scheme Damaged status Not for loan Vendor Home library Current library Shelving location Date acquired Source of acquisition Total Checkouts Total Renewals Full call number Barcode Date last seen Date last borrowed Koha item type
    Dewey Decimal Classification     Baccah Central Library Central Library First floor 06/06/2011   2 38 636.7 HOR 000023969 15/07/2025 24/01/2015 Book - Borrowing